| 000 | 01169nam a2200205 i 4500 | ||
|---|---|---|---|
| 001 | 153355 | ||
| 003 | ES-MaACL | ||
| 005 | 20250723051956.0 | ||
| 008 | 011031s1764 sp |||| | spa d | ||
| 040 |
_aCYL _bspa _cCYL |
||
| 100 | 1 |
_aCuesta, Leonardo Antonio de la. _9126663 |
|
| 245 | 1 | 0 |
_aFeijoo crítico-moral, y reflexivo de su theatro sobre errores comunes _b: con un breve resumen de cada uno de sus discursos ... / _csu autor Don Leonardo Antonio de la Cuesta ... ; tomo segundo. |
| 260 |
_aEn Madrid : _bEn la oficina de Manuel Martín, _c1764. |
||
| 300 |
_a[2], 36, [2] en bl., [2], 37-71, [2] en bl., [2], 73-108, [2] en bl., [2], 111-140, [2], 143-180, [2], 181-244, [2], 245-277, [2], 279-310, [2] en bl., [2], 311-343, [2], 345-381, [2], 383-419 p. ; _c8ª. |
||
| 597 | 1 | _aSign.: A-B8, C4, D-E8, F4, G-H8, I4, K8, L10, M-N8, O4, P-Q8, R2, S-V8, Y2, Z8, 2A8, 2B2, 2C-2D8, 2E2, 2F-2G8, 2H4, 2I-2K8, 2L4. | |
| 597 | _aCada discurso con portadilla propia. | ||
| 600 | 1 | 7 |
_aFeijoo, Benito Jerónimo, _d1676-1764. _tTeatro crítico universal- _vCrítica e interpretación _2 _9127028 |
| 852 |
_aES-MaACL _jR-1256 _z-- Enc. perg. |
||
| 999 |
_c153355 _d153355 |
||